| 000 | 00483nam a2200157Ia 4500 | ||
|---|---|---|---|
| 003 | GCL | ||
| 005 | 20240530103911.0 | ||
| 008 | 140319s9999 xx 000 0 ara d | ||
| 040 |
_aGCL / _cGCL |
||
| 082 | 0 | 4 |
_a962.401 _bم س |
| 100 | 1 | _aمكى الطيب شبيكة | |
| 245 | 1 | 0 |
_aالسودان عبر القرون / _cمكى الطيب شبيكة |
| 260 |
_aالقاهرة: _bلجنة التاليف والترجمة والنشر، _c1964 |
||
| 300 | _a320 ص | ||
| 942 |
_2ddc _cBK |
||
| 999 |
_c43329 _d43329 |
||